| 000 | 00829nam a2200241Ii 4500 | ||
|---|---|---|---|
| 003 | JO-AjNU | ||
| 008 | 230605s9999||||xx |||||||||||||| ||und|| | ||
| 017 | _a1988/8131 | ||
| 020 | _a977-02-2602-5 | ||
| 040 |
_aJO-AjNU _bara _erda _cJO-AjNU |
||
| 041 | _aara | ||
| 050 | 1 | 4 | _aPJ7816.A52.Z585 1988 |
| 100 | 3 |
_aبقلم ضيف، شوقي 1910 - 2005, _eauthor _946066 |
|
| 245 | 0 | 0 | _aالبارودي: رائد الشعر الحديث |
| 250 | _aط5 | ||
| 264 | 3 | 1 | _aالقاهرة: دار المعارف، 1988 |
| 300 | _a230ص | ||
| 336 |
_atext _btxt _2rdacontent |
||
| 337 |
_aunmediated _bn _2rdamedia |
||
| 338 |
_avolume _bnc _2rdacarrier |
||
| 490 | 0 | _aمكتبة الدراسات الادبية؛ 37 | |
| 650 | 4 |
_aالشعراء العرب - تراجم - البارودي، محمد سامي، 1939 - 1904 _946067 |
|
| 999 |
_aA20014 _c23582 _d23582 |
||